Cartas al Parlamento : (Record no. 14150)
[ view plain ]
| 000 -CABECERA | |
|---|---|
| campo de control de longitud fija | 00798cam a2200205 a 4500 |
| 001 - NÚMERO DE CONTROL | |
| campo de control | 000014563 |
| 005 - FECHA Y HORA DE LA ÚLTIMA TRANSACCIÓN | |
| campo de control | 20240422203111.0 |
| 008 - DATOS DE LONGITUD FIJA--INFORMACIÓN GENERAL | |
| campo de control de longitud fija | 970918s1997 uy a 000 0 spa |
| 040 ## - FUENTE DE LA CATALOGACIÓN | |
| Centro catalogador/agencia de origen | DO-SdBNP |
| Lengua de catalogación | spa |
| Centro/agencia transcriptor | BNPHU |
| 082 ## - NÚMERO DE LA CLASIFICACIÓN DECIMAL DEWEY | |
| Número de clasificación | 303.38 |
| Número de documento/Ítem | C322p |
| 245 00 - MENCIÓN DE TÍTULO | |
| Título | Cartas al Parlamento : |
| Resto del título | lo que los jóvenes proponen al país / |
| Mención de responsabilidad, etc. | coordinadores, Alexis Jano Ros y Antonio J. Lacarte ; editor Orlando Marabote. |
| 260 ## - PUBLICACIÓN, DISTRIBUCIÓN, ETC. | |
| Lugar de publicación, distribución, etc. | [Uruguay] : |
| Nombre del editor, distribuidor, etc. | [Programa de las Naciones Unidas para el Desarrollo] ; |
| -- | [Unicef], |
| Fecha de publicación, distribución, etc. | [1997]. |
| 300 ## - DESCRIPCIÓN FÍSICA | |
| Extensión | 128 p. : |
| Otras características físicas | il. ; |
| Dimensiones | 19 cm. |
| 650 #4 - PUNTO DE ACCESO ADICIONAL DE MATERIA--TÉRMINO DE MATERIA | |
| Término de materia o nombre geográfico como elemento de entrada | Opinión pública |
| Subdivisión general | Uruguay |
| 9 (RLIN) | 32964 |
| 650 #4 - PUNTO DE ACCESO ADICIONAL DE MATERIA--TÉRMINO DE MATERIA | |
| Término de materia o nombre geográfico como elemento de entrada | Opinión pública |
| 9 (RLIN) | 423 |
| 650 #0 - PUNTO DE ACCESO ADICIONAL DE MATERIA--TÉRMINO DE MATERIA | |
| Término de materia o nombre geográfico como elemento de entrada | Problemas sociales |
| 9 (RLIN) | 9290 |
| 700 1# - PUNTO DE ACCESO ADICIONAL--NOMBRE DE PERSONA | |
| Nombre de persona | Jano Ros, Alexis, |
| Fechas asociadas al nombre | 1959- |
| 9 (RLIN) | 32965 |
| 700 1# - PUNTO DE ACCESO ADICIONAL--NOMBRE DE PERSONA | |
| Nombre de persona | Lacarte, Antonio J. |
| 9 (RLIN) | 32966 |
| 700 1# - PUNTO DE ACCESO ADICIONAL--NOMBRE DE PERSONA | |
| Nombre de persona | Marabote, Orlando, |
| Término indicativo de función/relación | ed. |
| 9 (RLIN) | 32967 |
| Estado de retiro | Estado de pérdida | Restricciones de uso | No para préstamo | Código de colección | Localización permanente | Ubicación/localización actual | Ubicación en estantería | Fecha de adquisición | Número de inventario | Total de préstamos | Signatura topográfica completa | Código de barras | Fecha visto por última vez | Precio válido a partir de | Tipo de ítem Koha |
|---|---|---|---|---|---|---|---|---|---|---|---|---|---|---|---|
| Monografías: Libros y Folletos | General | General | En catalogación | 14.01.2010 | LF1 | 303.38 C322p | 14563-10 | 25.06.2020 | 25.06.2020 | Préstamo en sala | |||||
| Monografías: Libros y Folletos | Patrimonio Dominicano | Patrimonio Dominicano | Orden iniciada | 26.05.2017 | LF1 | 303.38 C322p | 14563-20 | 25.06.2020 | 25.06.2020 | No se presta |
